Behaviorálny pohovor - vyberajte zamestnancov efektívne

Podstata behaviorálneho pohovoru. Ako si vybrať správneho uchádzača, vhodného na danú pracovnú pozíciu.

Gespeichert in:
Bibliographische Detailangaben
1. Verfasser: Rolková, Monika
Format: Buchkapitel
Sprache:Slowakisch
Schlagworte:
Tags: Tag hinzufügen
Keine Tags, Fügen Sie das erste Tag hinzu!

MARC

LEADER 00000naa a2200000 4500
001 0175444
005 20231120134027.9
041 0 |a slo 
044 |a SK 
245 1 0 |a Behaviorálny pohovor - vyberajte zamestnancov efektívne  |c Monika Rolková 
520 |a Podstata behaviorálneho pohovoru. Ako si vybrať správneho uchádzača, vhodného na danú pracovnú pozíciu. 
610 2 0 |a prijímanie pracovníkov 
610 2 0 |a pohovor 
100 1 |a Rolková, Monika